<?xml version="1.0" encoding="UTF-8"?>
<record
    xmlns:xsi="http://www.w3.org/2001/XMLSchema-instance"
    xsi:schemaLocation="http://www.loc.gov/MARC21/slim http://www.loc.gov/standards/marcxml/schema/MARC21slim.xsd"
    xmlns="http://www.loc.gov/MARC21/slim">

  <leader>01773nam0a2200349 i 4500</leader>
  <controlfield tag="001">RU\NLR\BIBL_A\011284943</controlfield>
  <controlfield tag="005">20260409075924.0</controlfield>
  <datafield tag="010" ind1=" " ind2=" ">
    <subfield code="a">9785906830951</subfield>
    <subfield code="9">500</subfield>
  </datafield>
  <datafield tag="021" ind1=" " ind2=" ">
    <subfield code="a">RU</subfield>
    <subfield code="b">2016-87707</subfield>
    <subfield code="9">5760</subfield>
  </datafield>
  <datafield tag="035" ind1=" " ind2=" ">
    <subfield code="a">(NLR Aleph) 011284943</subfield>
  </datafield>
  <datafield tag="090" ind1=" " ind2=" ">
    <subfield code="a">10889093</subfield>
    <subfield code="c">10889093</subfield>
  </datafield>
  <datafield tag="100" ind1=" " ind2=" ">
    <subfield code="a">20161201d2016    k  y0rusy50      ca</subfield>
  </datafield>
  <datafield tag="101" ind1="0" ind2=" ">
    <subfield code="a">rus</subfield>
  </datafield>
  <datafield tag="102" ind1=" " ind2=" ">
    <subfield code="a">RU</subfield>
  </datafield>
  <datafield tag="105" ind1=" " ind2=" ">
    <subfield code="a">a   z   000zy</subfield>
  </datafield>
  <datafield tag="200" ind1="1" ind2=" ">
    <subfield code="a">&#x410;&#x43A;&#x442;&#x438;&#x432;&#x438;&#x437;&#x430;&#x446;&#x438;&#x44F; &#x440;&#x435;&#x447;&#x435;&#x432;&#x43E;&#x439; &#x434;&#x435;&#x44F;&#x442;&#x435;&#x43B;&#x44C;&#x43D;&#x43E;&#x441;&#x442;&#x438; &#x434;&#x435;&#x442;&#x435;&#x439; &#x441; &#x43E;&#x442;&#x441;&#x443;&#x442;&#x441;&#x442;&#x432;&#x438;&#x435;&#x43C; &#x432;&#x435;&#x440;&#x431;&#x430;&#x43B;&#x44C;&#x43D;&#x44B;&#x445; &#x441;&#x440;&#x435;&#x434;&#x441;&#x442;&#x432; &#x43E;&#x431;&#x449;&#x435;&#x43D;&#x438;&#x44F;</subfield>
    <subfield code="d">Activization of speech activity of children lacking verbal communication means</subfield>
    <subfield code="e">&#x43C;&#x43E;&#x43D;&#x43E;&#x433;&#x440;&#x430;&#x444;&#x438;&#x44F;</subfield>
    <subfield code="f">&#x413;&#x43B;&#x443;&#x445;&#x43E;&#x435;&#x434;&#x43E;&#x432;&#x430; &#x41E;.&#x421;.</subfield>
    <subfield code="z">eng</subfield>
  </datafield>
  <datafield tag="210" ind1=" " ind2=" ">
    <subfield code="a">&#x41C;&#x43E;&#x441;&#x43A;&#x432;&#x430;</subfield>
    <subfield code="c">&#x411;&#x438;&#x431;&#x43B;&#x438;&#x43E;-&#x413;&#x43B;&#x43E;&#x431;&#x443;&#x441;</subfield>
    <subfield code="d">2016</subfield>
  </datafield>
  <datafield tag="215" ind1=" " ind2=" ">
    <subfield code="a">137, [3] &#x441;.</subfield>
    <subfield code="c">&#x438;&#x43B;.</subfield>
    <subfield code="d">21</subfield>
  </datafield>
  <datafield tag="300" ind1=" " ind2=" ">
    <subfield code="a">&#x410;&#x432;&#x442;. &#x442;&#x430;&#x43A;&#x436;&#x435; &#x43D;&#x430; &#x430;&#x43D;&#x433;&#x43B;. &#x44F;&#x437;.: Olga Glukhoedova</subfield>
  </datafield>
  <datafield tag="300" ind1=" " ind2=" ">
    <subfield code="a">&#x41D;&#x430; 4-&#x439; &#x441;. &#x43E;&#x431;&#x43B;. &#x430;&#x432;&#x442;.: &#x413;&#x43B;&#x443;&#x445;&#x43E;&#x435;&#x434;&#x43E;&#x432;&#x430; &#x41E;.&#x421;. - &#x43A;.&#x43F;.&#x43D;., &#x443;&#x447;&#x438;&#x442;&#x435;&#x43B;&#x44C;-&#x43B;&#x43E;&#x433;&#x43E;&#x43F;&#x435;&#x434;</subfield>
  </datafield>
  <datafield tag="320" ind1=" " ind2=" ">
    <subfield code="a">&#x411;&#x438;&#x431;&#x43B;&#x438;&#x43E;&#x433;&#x440;. &#x432; &#x43A;&#x43E;&#x43D;&#x446;&#x435; &#x43A;&#x43D;. (220 &#x43D;&#x430;&#x437;&#x432;.)</subfield>
  </datafield>
  <datafield tag="510" ind1="1" ind2=" ">
    <subfield code="6">z11790</subfield>
    <subfield code="a">Activization of speech activity of children lacking verbal communication means</subfield>
    <subfield code="z">eng</subfield>
  </datafield>
  <datafield tag="606" ind1="1" ind2=" ">
    <subfield code="a">&#x414;&#x435;&#x442;&#x438; &#x441; &#x43D;&#x430;&#x440;&#x443;&#x448;&#x435;&#x43D;&#x438;&#x435;&#x43C; &#x440;&#x435;&#x447;&#x438;</subfield>
    <subfield code="x">&#x41F;&#x435;&#x434;&#x430;&#x433;&#x43E;&#x433;&#x438;&#x447;&#x435;&#x441;&#x43A;&#x43E;&#x435; &#x438;&#x437;&#x443;&#x447;&#x435;&#x43D;&#x438;&#x435;</subfield>
    <subfield code="9">2305805</subfield>
    <subfield code="3">RU\NLR\AUTH\6601606367</subfield>
  </datafield>
  <datafield tag="606" ind1=" " ind2=" ">
    <subfield code="a">&#x414;&#x435;&#x442;&#x438; &#x441; &#x43D;&#x430;&#x440;&#x443;&#x448;&#x435;&#x43D;&#x438;&#x435;&#x43C; &#x440;&#x435;&#x447;&#x438;</subfield>
    <subfield code="x">&#x420;&#x430;&#x437;&#x432;&#x438;&#x442;&#x438;&#x435; &#x440;&#x435;&#x447;&#x438;</subfield>
    <subfield code="3">RU\NLR\AUTH\661548416</subfield>
    <subfield code="9">2611858</subfield>
  </datafield>
  <datafield tag="686" ind1="1" ind2=" ">
    <subfield code="a">&#x427;437.92</subfield>
  </datafield>
  <datafield tag="686" ind1="1" ind2=" ">
    <subfield code="a">&#x427;437.1&#x432;6</subfield>
  </datafield>
  <datafield tag="700" ind1=" " ind2="1">
    <subfield code="7">ca</subfield>
    <subfield code="8">rus</subfield>
    <subfield code="a">&#x413;&#x43B;&#x443;&#x445;&#x43E;&#x435;&#x434;&#x43E;&#x432;&#x430;</subfield>
    <subfield code="b">&#x41E;. &#x421;.</subfield>
    <subfield code="g">&#x41E;&#x43B;&#x44C;&#x433;&#x430; &#x421;&#x435;&#x440;&#x433;&#x435;&#x435;&#x432;&#x43D;&#x430;</subfield>
    <subfield code="9">166824</subfield>
    <subfield code="3">RU\NLR\AUTH\770166871</subfield>
  </datafield>
  <datafield tag="790" ind1=" " ind2="1">
    <subfield code="7">ba</subfield>
    <subfield code="8">rus</subfield>
    <subfield code="a">Gluchoedova</subfield>
    <subfield code="b">O. S.</subfield>
    <subfield code="g">Ol'ga Sergeevna</subfield>
    <subfield code="9">166826</subfield>
    <subfield code="3">RU\NLR\AUTH\770166873</subfield>
  </datafield>
  <datafield tag="942" ind1=" " ind2=" ">
    <subfield code="c">BOOK</subfield>
  </datafield>
  <datafield tag="980" ind1=" " ind2=" ">
    <subfield code="a">NBR</subfield>
  </datafield>
</record>
